000 00943cam a2200289 i 4500
001 15359
003 BD-RjUL
005 20211208235812.0
008 140210s1979 flua b 00010 eng
035 _a(BD-RjUL)15413
040 _aDLC
_cDLC
_dm.c.
_dBD-RjUL
_beng
041 _aeng
082 _a657
_bABE 1979
100 1 0 _aAbdel-Khalik, A. Rashad.
_947720
245 1 0 _aEmpirical research in accounting ;
_ba methodological viewpoint /
_cby A. Rashad Abdel-Khalik .
260 _aSarasota, Fla. :
_bAmerican Accounting Association,
_cc1979.
300 _ax, 125 p. :
_bill. ;
_c22 cm.
490 1 _aAccounting education series ; v. no. 4.
504 _aIncludes bibliographies.
650 0 _aAccounting
_xResearch.
_947721
830 0 _vv. 4.
_947726
700 1 0 _aAjinkya, Bipin B.,
_ejoint author.
_947723
830 0 _aAccounting education series ;
_947727
942 _2ddc
_cBK
999 _c15359
_d15359